Les disciplines des jeux du Commonwealth depuis 1930 - Statistiques

Statistiques générales
  • Ce quiz a été pris 7 fois
  • Le résultat moyen est 16 sur 25
Statistiques - réponses
Domaine Initiale Sports % Correct
Sports de raquette B Badminton
100%
Sports d'équipe B Basket
100%
Sports d'équipe C Cricket
100%
Sports de combat E Escrime
100%
Sports de combat J Judo
100%
Sports de combat L Lutte
100%
Sports d'eau N Natation
100%
Sports de raquette T Tennis
100%
Sports de raquette T Tennis de table
100%
Sports de combat B Boxe
80%
Sports de raquette S Squash
80%
Sports à disciplines multiples A Athlétisme
60%
Sports d'eau A Aviron
60%
Sports à disciplines multiples G Gymnastique
60%
Sports d'eau N Natation {artistique}
60%
Sports d'eau P Plongeon
60%
Sports à disciplines multiples C Cyclisme
40%
Autres sports H Haltérophilie
40%
Sports d'équipe H Hockey-sur-gazon
40%
Autres sports T Triathlon
40%
Autres sports B Boulingrin
20%
Sports d'équipe N Netball
20%
Sports d'équipe R Rugby à VII
20%
Autres sports T Tir
20%
Autres sports T Tir à l'arc
20%
Aucun quiz correspondant
Distribution des résultats
% des personnes avec chaque résultat
Percentile par nombre de réponses
Votre historique - résultats
Vous n’avez pas pris ce quiz